000 01355nam a2200361 i 4500
001 194723
003 SpMaBN
005 20250804062702.0
007 ta
008 240514s1948 sp j spa
016 7 _abimoBNE20000438218
_zIND9900857239
_2SpMaBN
035 _a(OCoLC)733588421
035 _abimo0001464132
040 _aSpMaBN
_bspa
_cCDM
_dSpMaBN
_eES-MaACL
080 _a821.111-32"19"
100 0 _aPalen, Lewis Stanton,
_dn. 1876
_0XX1387614
_988527
245 1 3 _aEl proscrito /
_cLewis Stanton Palen.
260 _aMadrid :
_bRevista Literaria "Novelas y cuentos",
_c1948.
300 _a35 p. ;
_c29 cm
336 _2rdacontent
_atexto
337 _2rdamedia
_asin mediación
338 _2rdacarrier
_avolumen
490 1 _aRevista literaria "Novelas y cuentos" ;
_vaño 20, n. 878
655 0 _aNovelas
_9234319
773 _aObras encuadernadas juntas
_gG-15980
_0194566
_9202192
830 0 _aRevista literaria "Novelas y cuentos"
_vaño 20, n. 878
_9236217
852 _aES-MaACL
_cDEPO2
_jG-15980(12)
_hLegado: Juan Antonio Porto
_xEncuadernado con otras obras fomando un volumen facticio.
_9202192
903 _993285
_aPorto, Juan Antonio,
_q1
_d1937-2021
_ednr
942 _n0
_cFOLLETOS
999 _c194723
_d194723